| 000 | 02744namaa2200445uu 4500 | ||
|---|---|---|---|
| 001 | doab99905 | ||
| 003 | oapen | ||
| 005 | 20260305123951.0 | ||
| 006 | m o d | ||
| 007 | cr|mn|---annan | ||
| 008 | 230503s2022 xx |||||o ||| 0|eng d | ||
| 020 | _a9780367362447 | ||
| 020 | _a9780429344824 | ||
| 020 | _a9780429344824 | ||
| 020 | _a9781032162195 | ||
| 024 | 7 |
_a10.4324/9780429344824 _2doi |
|
| 040 |
_aoapen _coapen |
||
| 041 | 0 | _aeng | |
| 042 | _adc | ||
| 720 | 1 |
_aGard, Michael _4edt |
|
| 245 | 0 | 0 | _aRoutledge Handbook of Critical Obesity Studies |
| 260 |
_bTaylor & Francis _c2022 |
||
| 300 | _a1 online resource | ||
| 336 |
_atext _btxt _2rdacontent |
||
| 337 |
_acomputer _bc _2rdamedia |
||
| 338 |
_aonline resource _bcr _2rdacarrier |
||
| 506 | 0 |
_aFree-to-read _fUnrestricted online access _2star |
|
| 520 | _aThe Routledge Handbook of Critical Obesity Studies is an authoritative and challenging guide to the breadth and depth of critical thinking and theory on obesity. Rather than focusing on obesity as a public health crisis to be solved, this reference work offers divergent and radical strategies alongside biomedical and positivist discourses.Comprised of thirty nine original chapters from internationally recognised academics, as well as emerging scholars, the Handbook engages students, academics, researchers and practitioners in contemporary critical scholarship on obesity; encourages engagement of social science and related disciplines in critical thinking and theorising on obesity; enhances critical theoretical and methodological work in the area, highlighting potential gaps as well as strengths; relates critical scholarship to new and evolving areas of obesity-related practices, policies and research. This multidisciplinary and international collection is designed for a broad audience of academics, researchers, students and practitioners within the social and health sciences, including sociology, obesity science, public health, medicine, sports studies, fat studies, psychology, nutrition science, education and disability studies. | ||
| 540 |
_aAll rights reserved _uhttp://oapen.org/content/about-rights |
||
| 546 | _aEnglish | ||
| 653 | _aCritical Obesity Studies | ||
| 653 | _athema EDItEUR::J Society and Social Sciences::JB Society and culture: general::JBF Social and ethical issues::JBFN Health, illness and addiction: social aspects | ||
| 720 | 1 |
_aGard, Michael _4oth |
|
| 720 | 1 |
_aPowell, Darren _4edt |
|
| 720 | 1 |
_aPowell, Darren _4oth |
|
| 720 | 1 |
_aTenorio, José _4edt |
|
| 720 | 1 |
_aTenorio, José _4oth |
|
| 793 | 0 | _aDOAB Library. | |
| 856 | 4 | 0 |
_uhttps://directory.doabooks.org/handle/20.500.12854/99905 _70 _zFree-to-read: DOAB: description of the publication |
| 999 |
_c93034 _d93034 |
||